• 首页
  • 本馆介绍
  • 公告通知
  • 最新文献
  • 馆藏检索
  • 电子资源
  • 读者导购
  • 参考咨询
  • 我的图书馆
  • 登录
  • 详细信息显示
  • 放入我的书架
  • 预约/预借图书
  • 作者相关作品
  • 分类相关作品
  • 丛书相关作品
  • 出版社相关作品

书目信息

  • 表格格式
  • 工作单格式
  • 卡片格式
题名:
国际集装箱港口管理实务
    
 
作者: 杨茅甄 主编 ;中国港口协会 编
分册:  
出版信息: 上海   上海人民出版社  2007
页数: 604页
开本: 24cm
丛书名: 港口管理实务丛书
单 册:
中图分类: U656.1
科图分类:
主题词: 集装箱码头--管理 , 集装箱码头
电子资源:
ISBN: 9787208068070
000 00984oam2 2200277 450
001 012007600505
005 20070515113831.56
010    @a9787208068070@dCNY68.00
100    @a20070424d2007 km y0chiy0120 ea
101 0  @achi
102    @aCN@b310000
105    @ay z 000yy
106    @ar
200 1  @a国际集装箱港口管理实务@Aguo ji ji zhuang xiang gang kou guan li shi wu@f杨茅甄主编@Fyang mao zhen zhu bian@g中国港口协会编@Gzhong guo gang kou xie hui bian
210    @a上海@c上海人民出版社@d2007
215    @a604页@d24cm
225 2  @a港口管理实务丛书
330    @a本书主要讲述了集装箱与集装箱码头、集装箱码头装卸操作、集装箱码头单证流转管理、集装箱码头商务管理、国际集装箱多式联运等内容。
461  0 @12001 @a港口管理实务丛书
606 0  @a集装箱码头@x管理
606 0  @a集装箱码头
690    @aU656.1@v4
701  0 @a杨茅甄@Ayang mao zhen@4主编
712 02 @a中国港口协会@Azhong guo gang kou xie hui@4编
801  0 @aCN@bRULIN@c20070515
905    @dU656.1@e150@s5
    
    国际集装箱港口管理实务/杨茅甄主编/中国港口协会编.-上海:上海人民出版社,2007
    604页;24cm.-(港口管理实务丛书)
    
    
    ISBN 9787208068070:CNY68.00
    本书主要讲述了集装箱与集装箱码头、集装箱码头装卸操作、集装箱码头单证流转管理、集装箱码头商务管理、国际集装箱多式联运等内容。
●
相关链接 在E读中查询图书 在五车中查询图书 在当当中查询图书 在豆瓣中查询图书


正题名:国际集装箱港口管理实务     索取号:U656.1/150         预约/预借

序号 登录号 条形码 馆藏地/架位号 状态 备注
1 0570734   205707341   第二样本阅览室/ [索取号:U656.1/150] 在馆    
2 0570735   205707350   第三借阅区/ [索取号:U656.1/150] 在馆    
3 0570736   205707369   第三借阅区/ [索取号:U656.1/150] 在馆    
4 0570737   205707378   第三借阅区/ [索取号:U656.1/150] 在馆    
5 0570738   205707387   第三借阅区/ [索取号:U656.1/150] 在馆    
唐山师范学院图书馆 欢迎您!
大连网信软件有限公司© 版权所有